تفنيد الأسس النظرية والعملية للإلحاد / (رقم التسجيلة. 37344)

تفاصيل مارك
000 -الفاتح
حقل البيانات ثابتة الطول 01268nam a22002657a 4500
003 - محدد رقم الضبط
رقم الضبط OSt
005 - وقت وتاريخ اخر تعامل مع التسجيلة
رقم الضبط 20150717091509.0
008 - عناصر البيانات ثابتة الطول - معلومات عامة
حقل البيانات ثابتة الطول 150717s2014 ku g b 000 0 ara d
040 ## - مصدر الفهرسة
لغة الفهرسة ara
082 04 - رقم تصنيف ديوى العشرى
رقم التصنيف 249
رقم الطبعة 21
رقم المادة ف س ت
100 1# - المدخل الرئيسى - إسم شخصى
الإسم الشخصى فودة، سعيد عبد اللطيف
9 (RLIN) 48703
245 10 - بيان العنوان
العنوان تفنيد الأسس النظرية والعملية للإلحاد /
بيان المسئوليه,etc تأليف سعيد عبد اللطيف فوده.
250 ## - بيان الطبعة
بيان الطبعة ط. 1.
260 ## - PUBLICATION, DISTRIBUTION, ETC. (IMPRINT)
مكان الناشر او الموزع الكويت :
اسم الناشر او الموزع دار الضياء للنشر والتوزيع،
تاريخ النشر أو التوزيع 2014.
300 ## - الوصف المادى
التعداد 195 ص. ؛
أبعاد الوعاء 24 سم.
500 ## - تبصرة عامة
تبصرة عامة نقد كتابين للدكتور عادل ضاهر : 1- تأملات في مفهوم الفعل الإلهي، 2- نقد الصحوة الإسلامية.
504 ## - تبصرة ببليوجرافية
تبصرة ببليوجرافية,الخ يشتمل على إرجاعات ببليوجرافية.
650 #4 - المدخل الاضافى بالموضوع-مصطلح موضوعى
مصطلح موضوعي أو اسم جغرافي كعنصر مدخل الإلحاد والملحدون
9 (RLIN) 48704
650 #4 - المدخل الاضافى بالموضوع-مصطلح موضوعى
مصطلح موضوعي أو اسم جغرافي كعنصر مدخل الإسلام والإلحاد والملحدون
9 (RLIN) 48705
700 1# - المدخل الاضافى - اسم شخصى
الإسم الشخصى ضاهر، عادل.
عنوان العمل تأملات في مفهوم الفعل الإلهي
9 (RLIN) 48706
700 1# - المدخل الاضافى - اسم شخصى
الإسم الشخصى ضاهر، عادل.
عنوان العمل نقد الصحوة الإسلامية.
9 (RLIN) 48707
740 02 - المدخل الاضافى - عنوان مرتبط/تحليلى غير مقيد
العنوان التحليلي/ الرابط غير مقيد نقد الصحوة الإسلامية.
740 02 - المدخل الاضافى - عنوان مرتبط/تحليلى غير مقيد
العنوان التحليلي/ الرابط غير مقيد تأملات في مفهوم الفعل الإلهي
942 ## - عناصر المدخل الإضافي( كوها)
مصدر التصنيف او مخطط الترفيف Dewey Decimal Classification
Koha [default] item type كتاب
المقتنيات
حالة الفقد نموذج السعر الفعال حالة تلف ليس للاعارة رقم الطلب رقم النسخة تاريخ الاكتساب مصدر التزويد الموقع الحالي الباركود الفرع الرئيسي Date last seen نوع المادة فى نظام كوها مصدر التصنيف او خطة الترفيف Total Checkouts Date last checked out
  2015-07-17   Not For Loan 249 ف س ت 1 2015-07-17 arab المكتبة المركزية بالمجمعة (CL) 00213115 المكتبة المركزية بالمجمعة (CL) 2015-07-17 كتاب Dewey Decimal Classification    
  2016-05-19     249 ف س ت 2 2016-05-19   المكتبة المركزية بالمجمعة (CL) 00227335 المكتبة المركزية بالمجمعة (CL) 2016-05-19 كتاب Dewey Decimal Classification    
  2016-05-19     249 ف س ت 3 2016-05-19   المكتبة المركزية بالمجمعة (CL) 00227336 المكتبة المركزية بالمجمعة (CL) 2016-05-19 كتاب Dewey Decimal Classification    
  2016-05-19   Not For Loan 249 ف س ت 1 2016-05-19   كلية الشريعة والقانون - طالبات 00227343 كلية الشريعة والقانون - طالبات 2017-10-30 كتاب Dewey Decimal Classification 1 2017-10-09
  2016-05-19     249 ف س ت 2 2016-05-19   كلية الشريعة والقانون - طالبات 00227344 كلية الشريعة والقانون - طالبات 2016-05-19 كتاب Dewey Decimal Classification    
  2016-05-19   Not For Loan 249 ف س ت 1 2016-05-19   مكتبة كلية التربية بالزلفى - طالبات (EZF) 00227345 مكتبة كلية التربية بالزلفى - طالبات (EZF) 2016-05-19 كتاب Dewey Decimal Classification    
  2016-05-19     249 ف س ت 2 2016-05-19   مكتبة كلية التربية بالزلفى - طالبات (EZF) 00227346 مكتبة كلية التربية بالزلفى - طالبات (EZF) 2016-05-19 كتاب Dewey Decimal Classification    
  2016-05-19   Not For Loan 249 ف س ت 1 2016-05-19   مكتبة كلية العلوم و الدراسات الإنسانية برماح - طالبات (SRF) 00227339 مكتبة كلية العلوم و الدراسات الإنسانية برماح - طالبات (SRF) 2016-05-19 كتاب Dewey Decimal Classification    
  2016-05-19     249 ف س ت 2 2016-05-19   مكتبة كلية العلوم و الدراسات الإنسانية برماح - طالبات (SRF) 00227340 مكتبة كلية العلوم و الدراسات الإنسانية برماح - طالبات (SRF) 2016-05-19 كتاب Dewey Decimal Classification    
  2016-05-19   Not For Loan 249 ف س ت 1 2016-05-19   مكتبة كلية العلوم و الدراسات الإنسانية برماح - طلاب (SRM) 00227347 مكتبة كلية العلوم و الدراسات الإنسانية برماح - طلاب (SRM) 2016-05-19 كتاب Dewey Decimal Classification    
  2016-05-19     249 ف س ت 2 2016-05-19   مكتبة كلية العلوم و الدراسات الإنسانية برماح - طلاب (SRM) 00227348 مكتبة كلية العلوم و الدراسات الإنسانية برماح - طلاب (SRM) 2016-05-19 كتاب Dewey Decimal Classification    
  2016-05-19   Not For Loan 249 ف س ت 1 2016-05-19   مكتبة مجمع الطالبات بالمجمعة (EMF) 00227341 مكتبة مجمع الطالبات بالمجمعة (EMF) 2016-05-19 كتاب Dewey Decimal Classification    
  2016-05-19     249 ف س ت 2 2016-05-19   مكتبة مجمع الطالبات بالمجمعة (EMF) 00227342 مكتبة مجمع الطالبات بالمجمعة (EMF) 2016-05-19 كتاب Dewey Decimal Classification